| 000 | 01304nas a2200337 i 4500 | ||
|---|---|---|---|
| 001 | 1903 | ||
| 003 | ES-MaACL | ||
| 005 | 20250812074043.0 | ||
| 008 | 950801c1983 sp qr p 0 1 |spa d | ||
| 022 | _a0212-467X | ||
| 080 | _a355(460) | ||
| 245 | 0 | 0 |
_aRevista de historia naval / _cInstituto de Historia y Cultura Naval. |
| 260 |
_aMadrid : _bServicio de Publicaciones de la Armada, _c1983- |
||
| 300 |
_a29 v. ; _c24 cm. |
||
| 310 |
_aTrimestral, _b1984- |
||
| 321 | _aCuatrimestral | ||
| 362 | 0 | _aAño I, n. 1 (1983)- | |
| 530 | _aDisponible en formato digital. | ||
| 650 | 7 |
_aArte y ciencia militar _2embne _9135619 |
|
| 651 | 4 |
_aEspaña- _xHistoria naval. _98375 |
|
| 655 | 7 |
_2tgfbne _9226866 _aRevistas |
|
| 710 | 2 |
_aInstituto de Historia y Cultura Naval (Madrid) _94957 |
|
| 710 | 1 |
_aEspaña. _bArmada. _93625 |
|
| 852 |
_aES-MaACL _jHEM-H-7 _dOlim: HEM-1053 _cHEM _zExpurgado marzo 2025: en acceso abierto |
||
| 856 |
_uhttp://bibliotecavirtualdefensa.es/BVMDefensa/es/consulta/registro.do?id=1740 _yBiblioteca Virtual de Defensa |
||
| 856 |
_uhttps://dialnet.unirioja.es/servlet/revista?codigo=1182 _ySumarios de la revista en Dialnet |
||
| 866 | 0 | _o1983-2011(2012). | |
| 942 |
_2udc _cPERIODICA |
||
| 999 |
_c1903 _d1903 |
||